|
|
|
|
| LEADER |
01002nam a22002417a 4500 |
| 001 |
42692 |
| 003 |
BD-DhAAL |
| 005 |
20240701162028.0 |
| 008 |
240613t1996 enkab||| |||| 00| 0 eng d |
| 020 |
|
|
|a 0748723676
|
| 040 |
|
|
|a BD-DhAAL
|d BD-DhAAL
|
| 082 |
|
|
|a 540.76
|
| 100 |
|
|
|a Ryan, Lawrie.
|9 56558
|
| 245 |
|
|
|a Chemistry for you /
|c Lawrie Ryan.
|
| 250 |
|
|
|a New national curriculum edition for GCSE.
|
| 264 |
|
|
|a Cheltenham, England :
|b Stanley Thornes (Publishers) Ltd,
|c 1996.
|
| 300 |
|
|
|a 352 pages :
|b illustrations (some color), maps, portraits ;
|c 25 cm.
|
| 541 |
|
|
|a Donation from the Asia Foundation/ Savar Campus
|e 42692
|
| 650 |
|
|
|a Chemistry
|x Examinations, questions, etc.
|9 56557
|
| 650 |
|
|
|a Chemistry.
|
| 942 |
|
|
|2 ddc
|c BK
|
| 999 |
|
|
|c 46730
|d 46730
|
| 952 |
|
|
|0 0
|1 0
|2 ddc
|4 0
|6 540_760000000000000_RYA
|7 0
|9 75652
|a SCL
|b SCL
|c GEN
|d 2024-06-13
|e Donation from the Asia Foundation/ Savar Campus
|l 0
|o 540.76 RYA
|p 3020042692
|r 2024-06-13
|t 1
|w 2024-06-13
|y BK
|x Donation from the Asia Foundation/ Savar Campus
|